LEADER 01641cam0 22003131 450 001 SOBE00079749 005 20240409181253.0 012 $au.e- 6.he 2.i? (3(1 (3) 1807 (R) 100 $a20240407d1807 |||||ita|0103 ba 101 $aita 102 $aIT 200 1 $aRagionamento sulla divozione al S. Cuor di Maria secondo lo spirito della Chiesa con l'aggiunta di dieci considerazioni per la novena e festa del medesimo Santissimo Cuor di Maria 210 $aRoma$cpresso il Salomoni$d1807 215 $a154 p.$d8° 300 $aPer l'A. Luigi Lanzi, cfr.: G.Melzi, Dizionario di opere anonime ..., II, p. 407. - Sul front. monogramma Chrismon. - Cors. ; rom. - Segn.: a-f12 g6 (-g6) 620 $dRoma$9SOBA00017325 700 1$aLanzi$b, Luigi$3AF00010490$4070$05139 712 02$a*Salomoni, *Giovanni *Generoso$3SOBA00026560$4650 801 0$aIT$bBEM$c20240409$gRICA 850 $aBEM 852 $aBEM$jBiblioteca|Monastica$m900$t1 v. 852 $aBEM$jBiblioteca|Monastica$m961$t1 v. 912 $aSOBE00079749 940 $aM 103 Monografia antica SBN 941 $aM 957 $aBiblioteca|Monastica$b0480$gNO$d900$j1 v.$n00000000$hBibliotecaMonastica$e1 v.$rDONO$1borriello$2BEM$3BEM$420240407172449.0$520240407172521.0$6borriello 957 $aBiblioteca|Monastica$b0526$gNO$d961$j1 v.$n00000000$hBibliotecaMonastica$e1 v.$rDONO$1borriello$2BEM$3BEM$420240409181212.0$520240409181253.0$6borriello 996 $aRagionamento sulla divozione al S. Cuor di Maria secondo lo spirito della Chiesa con l'aggiunta di dieci considerazioni per la novena e festa del medesimo Santissimo Cuor di Maria$94148628 997 $aUNISOB